A Short History of Pakistan : (Record no. 194038)
[ view plain ]
| 000 -LEADER | |
|---|---|
| fixed length control field | 00884 a2200157 4500 |
| 003 - CONTROL NUMBER IDENTIFIER | |
| control field | NUST |
| 005 - DATE AND TIME OF LATEST TRANSACTION | |
| control field | 20230209131100.0 |
| 040 ## - CATALOGING SOURCE | |
| Transcribing agency | Nust |
| 082 ## - DEWEY DECIMAL CLASSIFICATION NUMBER | |
| Classification number | 654.91,QUR |
| 100 ## - MAIN ENTRY--PERSONAL NAME | |
| Personal name | Qureshi, I.Q. |
| 9 (RLIN) | 108787 |
| 245 ## - TITLE STATEMENT | |
| Title | A Short History of Pakistan : |
| Remainder of title | Book one four / |
| Statement of responsibility, etc. | I.H. Qureshi |
| 260 ## - PUBLICATION, DISTRIBUTION, ETC. | |
| Place of publication, distribution, etc. | Karachi ,Pakistan |
| Name of publisher, distributor, etc. | University Press |
| Date of publication, distribution, etc. | 2000 |
| 300 ## - PHYSICAL DESCRIPTION | |
| Extent | 952 p.; |
| 505 ## - FORMATTED CONTENTS NOTE | |
| Formatted contents note | Geographical Factors in the history of Pakistan (Page-1), Sources of Antecedent History (Page-16), Prehistory and Protohistory (Page-26), The Age and Cultural of the Vedic Aryans (Page-45), The Age of Compromise (Page-64), The Aachaeminian age and the Alexander Invasion (Page-82), The Maurya Age (Page-98), Foreign invasions and the Age of the imperial Guptas (Page-139), The Age of Empire building in East Pakistan (Page-168), Medievalism and the Decline of the Hindus (Page-193). |
| 942 ## - ADDED ENTRY ELEMENTS (KOHA) | |
| Source of classification or shelving scheme | |
| Koha item type | Book |
| Call number prefix | 954.91,QUR |
| Withdrawn status | Lost status | Source of classification or shelving scheme | Damaged status | Not for loan | Permanent Location | Current Location | Shelving location | Date acquired | Total Checkouts | Full call number | Barcode | Date last seen | Date last checked out | Price effective from | Koha item type | Public note |
|---|---|---|---|---|---|---|---|---|---|---|---|---|---|---|---|---|
| Military College of Signals (MCS) | Military College of Signals (MCS) | General Stacks | 12/12/2016 | 1 | 654.91,QUR | MCS34408 | 01/24/2023 | 11/14/2022 | 12/12/2016 | Book | Almirah No.62, Shelf No.2 | |||||
| Military College of Signals (MCS) | Military College of Signals (MCS) | General Stacks | 02/09/2023 | 654.91,QUR | MCS34407 | 02/09/2023 | 02/09/2023 | Book | Almirah No.62, Shelf No.2 |
